Statystyki dla Największe miasto Począwszy od S w tym kraju

Kliknij tutaj aby rozwiązać quiz!

Ogólne statystyki

  • Ten quiz został rozwiązany 117 razy
  • Średni wynik to 7 z 15

Statystyki odpowiedzi

KrajS Miasto% Poprawnych
Korea
Poludniowa
Seul
95%
Bosnia i
Hercegowina
Sarajewo
83%
GrecjaSaloniki
73%
AustriaSalzburg
65%
RosjaSankt Petersburg
65%
NiemcyStuttgart
63%
SalwadorSan Salvador
62%
DominikanaSanto Domingo
44%
FrancjaStrasburg
38%
FidziSuva
36%
Wyspy Swietego
Tomasza i Ksiazeca
São Tomé
34%
WęgrySegedyn
25%
NorwegiaStavanger
16%
UzbekistanSamarkanda
12%
IndonezjaSurabaja
9%

Rozkład punktacji

Percentyl według liczby udzielonych odpowiedzi

Procent ludzi z każdym wynikiem

Twoja historia wyników

Nie rozwiązałeś tego quizu